| 000 | 00000nam 2200000za 4500 |
| 001 | 9.841012 |
| 003 | CaOODSP |
| 005 | 20221107152002 |
| 007 | cr ||||||||||| |
| 008 | 170717s2017 onc ob f000 0 fre d |
| 040 | |aCaOODSP|bfre |
| 043 | |an-cn--- |
| 086 | 1 |aH113-9/2017-11F-PDF|zH113-9/2017-11F |
| 245 | 00|aBifenthrine et Capture 240 EC |h[ressource électronique]. |
| 260 | |aOttawa : |bSanté Canada, Agence de réglementation de la lutte antiparasitaire, |c2017. |
| 300 | |a148 p. |
| 490 | 1 |aProjet de décision d'homologation, |x1925-0908 ; |vPRD2017-11 |
| 500 | |aPubl. aussi en anglais sous le titre : Bifenthrin and Capture 240 EC. |
| 500 | |aTitre de la couv. |
| 500 | |a« Le 31 juillet 2017. » |
| 504 | |aComprends des références bibliographiques. |
| 530 | |aÉgalement publ. en version imprimée. |
| 692 | 07|2gccst|aHerbicide |
| 692 | 07|2gccst|aAccréditation |
| 692 | 07|2gccst|aToxicologie |
| 710 | 1 |aCanada. |bAgence de réglementation de la lutte antiparasitaire. |
| 710 | 1 |aCanada. |bSanté Canada. |
| 775 | 08|tBifenthrin and Capture 240 EC |w(CaOODSP)9.841009 |
| 830 | #0|aProjet de décision d'homologation,|x1925-0908 ; |vPRD2017-11|w(CaOODSP)9.500882 |
| 856 | 40|qPDF|s1.60 Mo|uhttps://publications.gc.ca/collections/collection_2017/sc-hc/H113-9/H113-9-2017-11-fra.pdf |